| 000 | 01016nam a2200229 a 4500 | ||
|---|---|---|---|
| 001 | 85003 | ||
| 003 | BD-RjUL | ||
| 005 | 20250618110608.0 | ||
| 008 | 250618s2025 bg ||||| |||| 00| 0 ben d | ||
| 020 | _a9789842100543 | ||
| 035 | _a(BD-RjUL)85003 | ||
| 040 |
_aBD-RjUL _beng _cBD-RjUL |
||
| 041 | _aben | ||
| 082 |
_223 _a930.1095492 _bRAC 2025 |
||
| 100 |
_aরহমান, কাজী মোঃ মোস্তাফিজুর _912284 |
||
| 245 |
_aচাঁপাইনবাবগঞ্জ জেলার প্রত্নকীর্তি / _cকাজী মোঃ মোস্তাফিজুর রহমান |
||
| 260 |
_aঢাকা : _bগ্রন্থকুটির, _c২০২৫ |
||
| 300 |
_a১৪৩ পৃ.: _bচিত্রসমূহ; _c২২ সেমি. |
||
| 650 |
_aপ্রত্নতত্ত্ব _zচাঁপাই নবাবগঞ্জ _zবাংলাদেশ _915711 |
||
| 650 |
_aArchaeology _zChapai Nawabganj _zBangladesh _915712 |
||
| 942 |
_2ddc _cBK |
||
| 999 |
_c85003 _d85003 |
||